000 00906nam a2200265 i 4500
001 146889
003 ES-MaACL
005 20250512063035.0
007 t|
008 070919s1977 sp ||||1| spa d
080 _a330.86
080 _a396
100 1 _aTrotsky, Leon,
_d1879-1940
_9240350
245 1 0 _aEscritos sobre la cuestión femenina /
_cLeón Trotski. Seguido de la revolución socialista y la lucha por la liberación de la mujer / [por] Mary-Alice Waters ; traducción Manolo Ruiz.
260 _a[Barcelona] :
_bAnagrama,
_c[1977]
300 _a133 p. ;
_c18 cm.
490 1 _aCuadernos Anagrama
650 1 4 _aMujeres-
_xSituación social.
_915317
650 4 _aTrotskismo.
_917652
700 1 _aWaters, Mary-Alice.
_9116168
700 1 _aRuiz, Manolo.
_9100621
830 0 _aCuadernos Anagrama
_9181159
852 _aES-MaACL
_jA-6856
_bR.95824
999 _c146889
_d146889